<?xml version="1.0" encoding="UTF-8"?>
<record
    xmlns:xsi="http://www.w3.org/2001/XMLSchema-instance"
    xsi:schemaLocation="http://www.loc.gov/MARC21/slim http://www.loc.gov/standards/marcxml/schema/MARC21slim.xsd"
    xmlns="http://www.loc.gov/MARC21/slim">

  <leader>04352cam a2200301   4500500</leader>
  <controlfield tag="005">20260517000331.0</controlfield>
  <datafield tag="041" ind1=" " ind2=" ">
    <subfield code="a">fre</subfield>
  </datafield>
  <datafield tag="042" ind1=" " ind2=" ">
    <subfield code="a">dc</subfield>
  </datafield>
  <datafield tag="100" ind1="1" ind2="0">
    <subfield code="a">Lemelin, Lucie</subfield>
    <subfield code="e">author</subfield>
  </datafield>
  <datafield tag="700" ind1="1" ind2="0">
    <subfield code="a">Haggerty, Jeannie</subfield>
    <subfield code="e">author</subfield>
  </datafield>
  <datafield tag="700" ind1="1" ind2="0">
    <subfield code="a">Gallagher, Frances</subfield>
    <subfield code="e">author</subfield>
  </datafield>
  <datafield tag="245" ind1="0" ind2="0">
    <subfield code="a">Comparaison de trois syst&#xE8;mes de classification du poids de&#xA0;l'enfant d'&#xE2;ge pr&#xE9;scolaire d'une r&#xE9;gion qu&#xE9;b&#xE9;coise</subfield>
  </datafield>
  <datafield tag="260" ind1=" " ind2=" ">
    <subfield code="c">2013.
							</subfield>
  </datafield>
  <datafield tag="500" ind1=" " ind2=" ">
    <subfield code="a">42</subfield>
  </datafield>
  <datafield tag="520" ind1=" " ind2=" ">
    <subfield code="a">Introduction&#x2008;: le surpoids chez l&#x2019;enfant est une situation pr&#xE9;occupante en sant&#xE9; publique. L&#x2019;utilisation de diff&#xE9;rents syst&#xE8;mes de classification du poids chez l&#x2019;enfant en recherche et en clinique donne lieu &#xE0; des classifications variables du poids, ce qui peut avoir un impact sur l&#x2019;estimation de la pr&#xE9;valence du surpoids, une situation qui complexifie le suivi de l&#x2019;&#xE9;volution de ce probl&#xE8;me de sant&#xE9; dans la population. L&#x2019;&#xE9;tude vise &#xE0; comparer trois syst&#xE8;mes de classification du poids de l&#x2019;enfant en estimant la pr&#xE9;valence du surpoids selon chacun des syst&#xE8;mes. M&#xE9;thode&#x2008;: en 2010, une &#xE9;tude men&#xE9;e aupr&#xE8;s de 259 enfants de 5 ans a &#xE9;t&#xE9; r&#xE9;alis&#xE9;e lors de la vaccination pr&#xE9;scolaire syst&#xE9;matique. La taille et le poids des enfants ont &#xE9;t&#xE9; mesur&#xE9;s. La pr&#xE9;valence de surpoids a &#xE9;t&#xE9; &#xE9;tablie et compar&#xE9;e aux crit&#xE8;res de l&#x2019; International Obesity Task Force (IOTF), des Centers of Disease Control and prevention (CDC) et de l&#x2019;Organisation mondiale de la sant&#xE9; (OMS). R&#xE9;sultats&#x2008;: selon le syst&#xE8;me de l&#x2019;IOTF, 16,6&#x2008;% des enfants de l&#x2019;&#xE9;tude pr&#xE9;sentent un surpoids (13,5&#x2008;% embonpoint &#x2013; 3,1&#x2008;% ob&#xE9;sit&#xE9;). Selon celui des CDC, 24,3&#x2008;% pr&#xE9;sentent un surpoids (15,2&#x2008;% embonpoint &#x2013; 9,1&#x2008;% ob&#xE9;sit&#xE9;). Selon l&#x2019;OMS, cette pr&#xE9;valence est de 26,3&#x2008;% (20,1&#x2008;% embonpoint &#x2013; 6,2&#x2008;% ob&#xE9;sit&#xE9;). De plus, selon les crit&#xE8;res de l&#x2019;IOTF, l&#x2019;ob&#xE9;sit&#xE9; touche davantage les filles que les gar&#xE7;ons (2,7&#x2008;% vs 0,4&#x2008;%) alors qu&#x2019;avec les deux autres syst&#xE8;mes, les proportions sont similaires. Conclusion&#x2008;: cette &#xE9;tude d&#xE9;montre que la pr&#xE9;valence du surpoids chez les enfants varie en fonction du syst&#xE8;me de classification utilis&#xE9;. Ces r&#xE9;sultats appuient la n&#xE9;cessit&#xE9; de consid&#xE9;rer le syst&#xE8;me utilis&#xE9; en clinique et en recherche dans le suivi de l&#x2019;&#xE9;volution de la pr&#xE9;valence du surpoids.</subfield>
  </datafield>
  <datafield tag="520" ind1=" " ind2=" ">
    <subfield code="a">Comparison of three weight classification systems for preschool children in a region of Quebec Introduction: Overweight in children is a serious public health problem. The use of different weight classification systems in research and clinical practice results in variable the estimate of prevalences of overweight, which complicates follow-up of this health problem in the population. The study compared three child body weight classification systems by estimating the prevalence of overweight established by each system. Method: In 2010, a study was conducted in 259 five-year-old children at the time of routine childhood vaccination. The children&#x2019;s height and weight were measured. The prevalence of overweight was determined and compared to the International Obesity Task Force (IOTF), the Centers for Disease Control and Prevention (CDC) and the World Health Organization (WHO) criteria. Results: According to the IOTF, 16.6% of children of the study were overweight (obesity 3.1%). According to the CDC, 24.3% of children were overweight (obesity 9.1%) and according to WHO, the prevalence was 26.3% (obesity 6.2%). According to the IOTF criteria, obesity affected more girls than boys (2.7% vs. 0.4%), whereas similar proportions were observed with the other two systems. Conclusion: This study demonstrates that the prevalence of overweight in children varies considerably depending on the classification system used. These results support the need to consider the system used in clinical practice and in research when monitoring the course of the prevalence of this health problem.</subfield>
  </datafield>
  <datafield tag="690" ind1=" " ind2=" ">
    <subfield code="a">enfant</subfield>
  </datafield>
  <datafield tag="690" ind1=" " ind2=" ">
    <subfield code="a">ob&#xE9;sit&#xE9;</subfield>
  </datafield>
  <datafield tag="690" ind1=" " ind2=" ">
    <subfield code="a">pr&#xE9;scolaire</subfield>
  </datafield>
  <datafield tag="690" ind1=" " ind2=" ">
    <subfield code="a">pr&#xE9;valence</subfield>
  </datafield>
  <datafield tag="690" ind1=" " ind2=" ">
    <subfield code="a">surpoids</subfield>
  </datafield>
  <datafield tag="690" ind1=" " ind2=" ">
    <subfield code="a">child obesity</subfield>
  </datafield>
  <datafield tag="690" ind1=" " ind2=" ">
    <subfield code="a">overweight</subfield>
  </datafield>
  <datafield tag="690" ind1=" " ind2=" ">
    <subfield code="a">preschool</subfield>
  </datafield>
  <datafield tag="690" ind1=" " ind2=" ">
    <subfield code="a">prevalence</subfield>
  </datafield>
  <datafield tag="786" ind1="0" ind2=" ">
    <subfield code="n">Sant&#xE9; Publique | 25 | 5 | 2013-10-01 | p. 571-578 | 0995-3914</subfield>
  </datafield>
  <datafield tag="856" ind1="4" ind2="1">
    <subfield code="u">https://stm.cairn.info/revue-sante-publique-2013-5-page-571?lang=fr&amp;redirect-ssocas=7080</subfield>
  </datafield>
  <datafield tag="999" ind1=" " ind2=" ">
    <subfield code="c">2231371</subfield>
    <subfield code="d">2231371</subfield>
  </datafield>
</record>
